Mark Engels (Record no. 613516)
[ view plain ]
| 000 -LEADER | |
|---|---|
| fixed length control field | 00213nam a22000977a 4500 |
| 082 ## - DEWEY DECIMAL CLASSIFICATION NUMBER | |
| Classification number | 335.430924 |
| Author Mark | MAR |
| 245 ## - TITLE STATEMENT | |
| Title | Mark Engels |
| 260 ## - PUBLICATION, DISTRIBUTION, ETC. | |
| Place of publication, distribution, etc. | Moscow |
| Name of publisher, distributor, etc. | Progress Publishers |
| Date of publication, distribution, etc. | 1977 |
| 300 ## - PHYSICAL DESCRIPTION | |
| Extent | 661p. |
| 942 ## - ADDED ENTRY ELEMENTS (KOHA) | |
| Source of classification or shelving scheme | |
| Koha item type | Book |
| Withdrawn status | Lost status | Source of classification or shelving scheme | Damaged status | Not for loan | Permanent Location | Current Location | Date acquired | Total Checkouts | Full call number | Barcode | Date last seen | Price effective from | Koha item type |
|---|---|---|---|---|---|---|---|---|---|---|---|---|---|
| Central Library (CL) | Central Library (CL) | 04/08/2025 | 335.430924 MAR | CL-D-2684 | 04/08/2025 | 04/08/2025 | Book |
